LEADER 01008nam0-2200361---450 001 990005576440203316 005 20190403124911.0 035 $a000557644 035 $aUSA01000557644 035 $a(ALEPH)000557644USA01 035 $a000557644 100 $a19981214d1990----|||y0itaa50------ba 101 $aita 102 $ait 105 $a0 00||| 200 1 $a<> libro dei profumi$esuggestioni del passato e grandi profumi di oggi$fPaolo Maltese 210 $aMilano$cGiorgio Mondadori$d1990 215 $a166 p.$d29 cm. 606 $aPROFUMI$2F 620 $dMILANO 676 $a668.5 700 1$aMALTESE,$bPaolo$0243987 801 0$aIT$bSA$c20111219 912 $a990005576440203316 950 0$aDipar.to di Filosofia - Salerno$dDFCC 668.5 MAL$e4560 FIL 951 $aCC 668.5 MAL$b4560 FIL 959 $aBK 969 $aFIL 979 $c20121027$lUSA01$h1525 979 $c20121027$lUSA01$h1614 996 $aLibro dei profumi$91131928 997 $aUNISA NUM $aSA0000445 LEADER 01175nam0-22003011i-450 001 990005324340403321 005 20230331122512.0 035 $a000532434 035 $aFED01000532434 035 $a(Aleph)000532434FED01 035 $a000532434 100 $a19990530d1978----km-y0itay50------ba 101 0 $ager 105 $ay-------001yy 200 1 $a<>Wandmalerei der römischen Villa von Druten und die Fragen der Felderdekoration in den europäischen römischen Provinzen, W.J.èh. Peters, L.J.F. Swinkels$fund E.M. Moormann 210 $as.l.$cs.e.$d[1978] 215 $aP.153-197$d26 cm 300 $aSonderdruck aus: Berichten van de Rijsdienst Voor het Oudheidkundig Bodemonderzoer, Jahrgang 28, 1978 700 1$aPeters,$bW.J.tH.$0162871 702 1$aMoormann,$bEric M. 702 1$aSwinkels,$bL.J.F. 801 0$aIT$bUNINA$gRICA$2UNIMARC 901 $aLG 912 $a990005324340403321 952 $aOPUSC. 14 (01)$bARCH. 18921$fFLFBC 959 $aFLFBC 996 $aWandmalerei der römischen Villa von Druten und die Fragen der Felderdekoration in den europäischen römischen Provinzen, W.J.èh. Peters, L.J.F. Swinkels$9597051 997 $aUNINA